书目信息 |
| 题名: |
《毛泽东邓小平江泽民论思想政治工作》学习辅导
|
|
| 作者: | ;《求是》杂志政治编辑部 编著 | |
| 分册: | ||
| 出版信息: | 北京 红旗出版社 2000 |
|
| 页数: | 152页 | |
| 开本: | 20cm | |
| 丛书名: | ||
| 单 册: | ||
| 中图分类: | A841.64 | |
| 科图分类: | ||
| 主题词: | 毛泽东思想--思想政治教育--学习参考资料 , 邓小平理论--思想政治教育--学习参考资料 , 江泽民--思想政治教育--学习参考资料 | |
| 电子资源: | ||
| ISBN: | 7-5051-0453-5 | |
| 000 | 00857nam0 2200217 450 | |
| 001 | 0733147199 | |
| 005 | 20070712155151.09 | |
| 010 | @a7-5051-0453-5@dCNY11.00 | |
| 100 | @a20070709d2000 km y0chiy0120 ea | |
| 101 | 0 | @achi |
| 102 | @aCN@b110000 | |
| 200 | 1 | @a《毛泽东邓小平江泽民论思想政治工作》学习辅导@A《mao ze dong deng xiao ping jiang ze min lun si xiang zheng zhi gong zuo》xue xi fu dao@f《求是》杂志政治编辑部编著@F《qiu shi》za zhi zheng zhi bian ji bu bian zhu |
| 210 | @a北京@c红旗出版社@d2000 | |
| 215 | @a152页@d20cm | |
| 606 | 0 | @a毛泽东思想@x思想政治教育@x学习参考资料 |
| 606 | 0 | @a邓小平理论@x思想政治教育@x学习参考资料 |
| 606 | 0 | @a江泽民@x思想政治教育@x学习参考资料 |
| 690 | @aA841.64@v3 | |
| 711 | 02 | @a《求是》杂志政治编辑部@A《qiu shi》za zhi zheng zhi bian ji bu@4编著 |
| 801 | 0 | @aCN@bPFT@c20070712 |
| 905 | @a10447@dA841.64@e114 | |
| 《毛泽东邓小平江泽民论思想政治工作》学习辅导/《求是》杂志政治编辑部编著.-北京:红旗出版社,2000 |
| 152页;20cm |
| ISBN 7-5051-0453-5:CNY11.00 |
| ● |
| 相关链接 |
|
|
|
|
正题名:《毛泽东邓小平江泽民论思想政治工作》学习辅导
索取号:A841.64/114
 
预约/预借
| 序号 | 登录号 | 条形码 | 馆藏地/架位号 | 状态 | 备注 |
| 1 | 0768762 | 207687626 | 第一样本阅览室/ [索取号:A841.64/114] | 在馆 |